000 00699nam a2200229 a 4500
001 BRCA_7875
005 20190320210032.0
008 191113s1967----nyua######---#000-0#eng-#
041 _aeng
044 _anyu
050 4 _aNB813.M3
_b.P76 1967
100 1 _aProske, Beatrice Gilman
_919479
245 1 0 _aJuan Martinez Montañes Sevillian sculptor
_cby Beatrice Gilman Proske.
260 _aNueva York
_bHispanic Society of America
_c1967
300 _aix, 190 p.
_bil., 211 láminas
_c26 cm.
500 _aDedicatoria de la autora al Sr. Franz Mayer
500 _aY141
600 1 4 _aMartinez Montañez, Juan
_919480
650 1 4 _aEscultores españoles
_98024
902 _aGFM
942 _2lcc
_cB
999 _c7549
_d7549